Present Challenges of the International Business Ethics

Gespeichert in:
Bibliographische Detailangaben
1. Verfasser: Dubcová, Gabriela, 1968-
Format: Buchkapitel
Sprache:Englisch
Schlagworte:
Tags: Tag hinzufügen
Keine Tags, Fügen Sie das erste Tag hinzu!

MARC

LEADER 00000naa a2200000 4500
001 0172050
005 20240522091434.1
041 0 |a eng 
044 |a HU 
245 1 0 |a Present Challenges of the International Business Ethics  |c Gabriela Dubcová 
610 2 0 |a podnikanie 
610 2 0 |a podnikanie medzinárodné 
610 2 0 |a etika 
610 2 0 |a morálka 
610 2 0 |a právo 
610 2 0 |a prostredie podnikateľské 
610 2 0 |a integrácia 
610 2 0 |a internacionalizácia 
610 2 0 |a práva ľudské 
610 2 0 |a korupcia 
610 2 0 |a kultúra 
100 1 |a Dubcová, Gabriela, 1968-